000 00888nam a22002295i 4500
001 48004
003 ES-MaACL
005 20250916194303.0
007 t|
008 990602s1900 sp b 00110 spa
100 1 _aCriado y Domínguez, Juan Pedro.
_941609
245 1 0 _aBibliografía de la Cruz Roja Española /
_cpor Don Juan Pedro Criado y Domínguez ; con un prólogo del doctor Don Antonio Balbín de Unquera.
260 _aMadrid :
_b[s.n.],
_c1900 (
_fImp. y Lit. de R. González)
300 _a133 p. [i.e. 125] ;
_c22 cm.
500 _aÍndices.
530 _aDisponible en formato digital.
610 2 4 _aCruz Roja Española-
_vBibliografías.
_93323
700 1 _aBalbín de Unquera, Antonio,
_d1842-1919
_924846
852 _aES-MaACL
_jT-960-F-1
856 _uhttp://bdh-rd.bne.es/viewer.vm?id=0000124517&page=1
_zBiblioteca Digital Hispánica
999 _c48004
_d48004